000 00515nam a2200121Ia 4500
008 220615s9999||||xx |||||||||||||| ||und||
245 4 _aThe Potato Crop
_bIts Agricultural, Nutritional and Social Contribution to Humankind
546 _aEnglish[eng]
650 _aLife sciences||Agriculture||Nutrition   ||Plant breeding||Food—Biotechnology||Agricultural economics
700 _aCampos, Hugo||Ortiz, Oscar
856 _uhttps://library.oapen.org/bitstream/20.500.12657/23122/1/1007034.pdf
942 _cEB
999 _c9238
_d9238